| 000 | 01250cam a2200325 a 4500 | ||
|---|---|---|---|
| 005 | 20260322212030.0 | ||
| 008 | data | ||
| 010 | _a 91231046 | ||
| 020 |
_a0385029306 : _c{dollar}7.95 |
||
| 020 |
_a9780385029308 : _c{dollar}7.95 |
||
| 040 |
_aDLC _cDLC _dDLC |
||
| 041 | 1 |
_aeng _hspa |
|
| 050 | 0 | 0 |
_aBV5080 _b.J64413 1990 |
| 082 | 0 | 0 |
_a248.2/2 _220 |
| 092 | _a248.2 J644 1990 | ||
| 240 | 1 | 0 |
_aNoche oscura del alma. _lEnglish |
| 245 | 0 | 0 |
_aDark night of the soul / _cedited by John of the Cross, E. Allison Peers & Silverio. |
| 260 |
_aNew York : _bImage Books, Doubleday, _c1990. |
||
| 300 |
_a193 p. ; _c20 cm. |
||
| 500 | _aTranslation of: Noche oscura del alma. | ||
| 504 | _aIncludes bibliographical references. | ||
| 650 | 0 |
_aMysticism _xCatholic Church. |
|
| 700 | 1 |
_aJohn of the Cross, _d1542-1591. _cSaint, |
|
| 700 | 1 |
_aPeers, E. Allison _d1891-1952. _q(Edgar Allison), |
|
| 700 | 1 |
_aSilverio, _d1878-1954. _cof St. Teresa, |
|
| 856 | 4 | 2 |
_3Contributor biographical information _uhttp://www.loc.gov/catdir/bios/random051/91231046.html |
| 856 | 4 | 2 |
_3Publisher description _uhttp://www.loc.gov/catdir/description/random042/91231046.html |
| 856 | 4 | 1 |
_3Sample text _uhttp://www.loc.gov/catdir/enhancements/fy0601/91231046-s.html |
| 001 | data | ||
| 999 |
_c691 _d691 |
||